00533nam a22001577a 4500020001800000082001700018100001700035245003500052260003900087300002300126650003900149700001600188942000700204999001700211952014700228 a9781891121210 a623.7464 LYN aLynch, David a Introduction to RF stealth aNew YorkbScitech Publishingc2004 axv, 576p. :e25 cm aLow probability of intercept radar aDavid Lynch cBK c11838d11838 001040708NFICaCLbCLcGENd2013-05-08eAllied Book Companyg11576.89l1o623.7464 LYNpSEECS012337r2023-07-17s2021-09-28w2013-05-14yBK